Plus grandes villes d'Estonie - Statistiques

Statistiques générales
  • Ce quiz a été pris 25 fois
  • Le résultat moyen est 6 sur 15
Statistiques - réponses
Réponse % Correct
Tallinn
100%
Narva
83%
Tartu
72%
Pärnu
56%
Kohtla-Järve
44%
Kuressaare
39%
Võru
33%
Maardu
28%
Rakvere
28%
Viljandi
28%
Haapsalu
22%
Jõhvi
17%
Keila
17%
Valga
17%
Sillamäe
6%
Aucun quiz correspondant
Distribution des résultats
% des personnes avec chaque résultat
Percentile par nombre de réponses
Votre historique - résultats
Vous n’avez pas pris ce quiz